Musée social. (Record no. 1508)

MARC details
000 -LEADER
campo de control de longitud fija 00637nas a2200217 i 4500
001 - NÚMERO DE CONTROL
campo de control 1508
003 - IDENTIFICADOR DE NÚMERO DE CONTROL
campo de control ES-MaACL
005 - FECHA Y HORA DE LA ÚLTIMA TRANSACCIÓN
campo de control 20250826065250.0
007 - CAMPO FIJO DE DESCRIPCIÓN FÍSICA--INFORMACIÓN GENERAL
campo de control de longitud fija t|
008 - DATOS DE LONGITUD FIJA--INFORMACIÓN GENERAL
campo de control de longitud fija 950801d18961939fr | | 1 ||re d
245 00 - MENCIÓN DEL TÍTULO
Título Musée social.
260 ## - PUBLICACIÓN, DISTRIBUCIÓN, ETC.
Lugar de publicación, distribución, etc. Paris :
Nombre del editor, distribuidor, etc. Arthur Rousseau,
Fecha de publicación, distribución, etc. 1896-1939.
300 ## - DESCRIPCIÓN FÍSICA
Extensión 44 v. ;
Dimensiones 26 y 29 cm.
310 ## - PERIODICIDAD ACTUAL
Periodicidad actual Mensual
362 0# - FECHAS DE PUBLICACIÓN Y/O DESIGNACIÓN SECUENCIAL
Fecha de publicación y/o designación secuencial Año I (1896)-(1939)
500 ## - NOTA GENERAL
Nota general En ene. de 1902 comienzan a publicarse dos fascículos cada mes : Annales y Mémoires et documents.
650 17 - PUNTO DE ACCESO ADICIONAL DE MATERIA--TÉRMINO DE MATERIA
Término de materia o nombre geográfico como elemento de entrada Trabajo
Fuente del encabezamiento o término embne
9 (RLIN) 17590
852 ## - LOCALIZACIÓN
Ubicación ES-MaACL
Número de control de estantería Hem-337
866 #0 - MENCIÓN TEXTUAL DE FONDOS--UNIDAD BIBLIOGRÁFICA BÁSICA
Fondos 1899-1913(1914),(1918-23).
Holdings
Estatus retirado Estado de pérdida Estado de daño No para préstamo Colección Biblioteca de origen Biblioteca actual Ubicación en estantería Fecha de adquisición Fuente de adquisición Total de préstamos Signatura topográfica completa Código de barras Visto por última vez Precio de reemplazo Tipo de ítem Koha
        Periódicos y Revistas Biblioteca del Ateneo de Madrid Biblioteca del Ateneo de Madrid Depósito 1 17/01/2008     Hem-337 1001539 23/02/2023 23/02/2023 Revista